00290nam a2200109Ia 4500008004100000100001900041245003800060260005000098300001000148942000700158999001500165190216s9999||||xx |||||||||||||| ||und|| aFrancis Xavier 0aFundamentals Of Advanced Accounts bTata Mcgraw Hill Publishing Company Ltdc1976 a1139p cBK c5395d5395